| 000 | 01110nas a2200361 4500 | ||
|---|---|---|---|
| 001 | BR2018000102 | ||
| 003 | BR-BrBNA | ||
| 005 | 20231205131212.0 | ||
| 007 | ta | ||
| 008 | 230509b bl.|||p| |||| 00| 00por d | ||
| 040 |
_aBR-BrBNA _bpor _cBiblioteca Nacional de Agricultura |
||
| 041 | _a(En) | ||
| 072 | _aF04; K10 | ||
| 100 | 1 | _aOliveira, D.M. | |
| 100 | 1 | _aCaron, B.O. | |
| 100 | 1 | _aElli, E.F. | |
| 100 | 1 | _aMonteiro, G.C. | |
| 100 | 1 | _aSchwerz, F. | |
| 100 | 1 | _aBasso, C.J. | |
| 100 | 1 | _aManfron, P.A. | |
| 245 | 1 | _aProduction and quality of Caesalpinia pluviosa seedlings in different substrates | |
| 650 | _aSIBIPIRUNA | ||
| 650 | _aÁRVORE ANGIOSPERMA | ||
| 650 | _aMUDA | ||
| 650 | _aCOMPOSTO ORGÂNICO | ||
| 650 | _aQUALIDADE | ||
| 650 | _aSUBSTRATO DE CULTURA | ||
| 650 | _aMORFOLOGIA VEGETAL | ||
| 773 | 0 |
_tCientífica. Revista de Ciências Agrárias (Brazil) _xISSN 1984-5529 _g(2017), v. 45(1) p. 1-8 _wBR2018000102 |
|
| 856 | 4 | 0 | _uhttp://cientifica.org.br/index.php/cientifica/article/view/943/551 |
| 909 |
_a202311 _bLúcia _c55 _dLúcia Elande |
||
| 942 |
_2AGRIS _n0 _cANA |
||
| 999 |
_c253539 _d253539 |
||